Obras completas / (Record no. 13312)

MARC details
000 -LEADER
campo de control de longitud fija 00970nam a2200265 i 4500
001 - NÚMERO DE CONTROL
campo de control 13312
003 - IDENTIFICADOR DE NÚMERO DE CONTROL
campo de control ES-MaACL
005 - FECHA Y HORA DE LA ÚLTIMA TRANSACCIÓN
campo de control 20231227134110.0
007 - CAMPO FIJO DE DESCRIPCIÓN FÍSICA--INFORMACIÓN GENERAL
campo de control de longitud fija t|
008 - DATOS DE LONGITUD FIJA--INFORMACIÓN GENERAL
campo de control de longitud fija 980202s1997 sp ||||1| spa d
020 ## - NÚMERO INTERNACIONAL ESTÁNDAR DEL LIBRO
Número Internacional Estándar del Libro 84-7658-510-1
080 ## - NÚMERO DE LA CLASIFICACIÓN DECIMAL UNIVERSAL
Número de la Clasificación Decimal Universal 081 Rios Urruti, Fernando de los
100 1# - ENTRADA PRINCIPAL--NOMBRE DE PERSONA
Nombre de persona Ríos, Fernando de los,
Fechas asociadas al nombre 1879-1949
9 (RLIN) 97398
245 10 - MENCIÓN DEL TÍTULO
Título Obras completas /
Mención de responsabilidad, etc. Fernando de los Ríos ; edición de Teresa Rodríguez de Lecea.
250 ## - MENCION DE EDICION
Mención de edición 1ª ed.
260 ## - PUBLICACIÓN, DISTRIBUCIÓN, ETC.
Lugar de publicación, distribución, etc. Barcelona :
Nombre del editor, distribuidor, etc. Anthropos ;
Lugar de publicación, distribución, etc. Madrid :
Nombre del editor, distribuidor, etc. Fundación Caja de Madrid,
Fecha de publicación, distribución, etc. 1997.
300 ## - DESCRIPCIÓN FÍSICA
Extensión 5 v. ;
Dimensiones 20 cm.
504 ## - NOTA DE BIBLIOGRAFÍA, ETC.
Nota de bibliografía, etc. Bibliografía.
505 8# - NOTA DE CONTENIDO CON FORMATO
Nota de contenido con formato I. Libros -- II. Libros -- III. Escritos breves -- IV. Artículos -- V. Escritos de guerra civil y exilio
600 14 - PUNTO DE ACCESO ADICIONAL DE MATERIA--NOMBRE DE PERSONA
Nombre de persona Ríos, Fernando de los,
Fechas asociadas al nombre 1879-1949
9 (RLIN) 97398
700 1# - ENTRADA AGREGADA--NOMBRE PERSONAL
Nombre de persona Rodríguez de Lecea, Teresa.
9 (RLIN) 98460
710 2# - ENTRADA AGREGADA--NOMBRE DE ENTIDAD CORPORATIVA
Nombre de entidad corporativa o nombre de jurisdicción como elemento de entrada Fundación Especial Caja Madrid.
9 (RLIN) 4237
852 ## - LOCALIZACIÓN
Ubicación ES-MaACL
Número de control de estantería L-20582-86
Sublocalización o colección R.126445
Holdings
Estatus retirado Estado de pérdida Estado de daño No para préstamo Biblioteca de origen Biblioteca actual Ubicación en estantería Fecha de adquisición Fuente de adquisición Total de préstamos Signatura topográfica completa Código de barras Visto por última vez Precio de reemplazo Tipo de ítem Koha
        Biblioteca del Ateneo de Madrid Biblioteca del Ateneo de Madrid Depósito 2 17/01/2008     L-20582-86 1013555 23/02/2023 23/02/2023 Libro impreso